| 000 | 01536cam a22003254a 4500 | ||
|---|---|---|---|
| 999 |
_c233014 _d233014 |
||
| 001 | 12229582 | ||
| 003 | Nust | ||
| 005 | 20170227182634.0 | ||
| 008 | 001113s2000 nyu 000 1 eng | ||
| 010 | _a 00709685 | ||
| 020 | _a9780141188126 | ||
| 040 |
_aDLC _cDLC _dDLC |
||
| 041 | 1 |
_aeng _hger |
|
| 042 | _apcc | ||
| 050 | 0 | 0 |
_aPT2621.A26 _bA26 2000 |
| 082 | 0 | 0 |
_a833.912 _bKAF |
| 100 | 1 |
_aKafka, Franz, _d1883-1924. |
|
| 245 | 1 | 4 |
_aThe metamorphosis and other stories / _cFranz Kafka ; |
| 250 | _aPenguin Books ed. | ||
| 260 |
_aNew York, N.Y. : _bPenguin Books, _c2007. |
||
| 300 |
_a298 p. ; _c22 cm. |
||
| 440 | 0 | _aPenguin great books of the 20th century | |
| 505 | 0 | _aThe metamorphosis -- The judgement -- The stoker -- A country doctor -- In the penal colony -- A hunger artist -- An old leaf -- A message from the emperor -- Before the law -- Josephine the singer, or, The mouse people. | |
| 600 | 1 | 0 |
_aKafka, Franz, _d1883-1924 |
| 650 |
_aShort stories, Austrian _xFiction |
||
| 650 |
_aAlienation (Social psychology) _xFiction |
||
| 700 | 1 |
_aPasley, Malcolm, _d1926- |
|
| 856 | 4 | 2 |
_3Contributor biographical information _uhttp://www.loc.gov/catdir/enhancements/fy1203/00709685-b.html |
| 856 | 4 | 2 |
_3Publisher description _uhttp://www.loc.gov/catdir/enhancements/fy1203/00709685-d.html |
| 856 | 4 | 1 |
_3Sample text _uhttp://www.loc.gov/catdir/enhancements/fy1505/00709685-s.html |
| 906 |
_a7 _bcbc _corigcop _d2 _encip _f20 _gy-gencatlg |
||
| 942 |
_2ddc _cBK |
||